How Well Do You Know Girl Meets World? - Statistics

General Stats
  • This quiz has been taken 720 times
  • The average score is 6 of 15
Answer Stats
Hint Answer % Correct
What animal did Lucas help give birth to? Horse
83%
What is Maya Hart's middle name? Penelope
81%
Who asks out Riley to the Semi-Formal? Charlie Gardener
56%
Who likes Farkle? Isadora Smackle
53%
What do they call Lucas' grandpa? Pappy Joe
51%
What does Lucas want to be when he grows up? Vetrinarian
50%
How long has Shawn Hunter been away? 13 years
37%
What is Maya's crush's name (beginning of the show)? Josh Matthews
27%
What does Farkle want to do when he grows up? Rule the world
23%
What is Riley and Lucas' relationship? Brother and sister
21%
Who is the New York senator? Eric Matthews
21%
What does Riley want to be when she's grown up? Bunny Farmer
19%
Who does Farkle "marry"? Riley Matthews and Maya Hart
14%
In which episode did Lucas and Riley go on their second date? Girl Meets the New World
12%
What is Riley's "goth" name in Girl Meets Yearbook? Morotia M. Black
9%
No matching quizzes found
Score Distribution
Percent of People with Each Score
Percentile by Number Answered
Your Score History
You have not taken this quiz